Catalog

Record Details

Catalog Search



Animal farm [CD/sound recording] ; 1984 / George ... Read More

Available copies

  • 1 of 1 copy available at LARL/NWRL Consortium. (Show)
  • 1 of 1 copy available at Northwest Regional Library.

Current holds

0 current holds with 1 total copy.

Show All Copies
Location Call Number / Copy Notes Barcode Shelving Location Status Due Date
Roseau Public Library BOOK-ON-CD ORW (Text) 35500004020358 Main Available -

Record details

  • ISBN: 0786172940
  • ISBN: 9780786172948
  • Physical Description: 12 sound discs : digital ; 4 3/4 in.
  • Publisher: Ashland, Or. : Blackstone Audiobooks, 2006.

Content descriptions

General Note:
Unabridged.
Compact discs.
Participant or Performer Note:
Read by Ralph Cosham and Richard Brown.
Summary, etc.:
Presents two of the author's classic stories, ... Read More
Genre: Audiobooks.
Compact discs.
LDR 01353nim a2200349Ma 4500
00180092
003LARL_NWRL_CONSORTIUM
00520070516115147.0
007sd fungnnmmned
008060425s2006 orunnn f n eng d
020 . ‡a0786172940
020 . ‡a9780786172948
035 . ‡a(OCoLC)566819647 ‡z(OCoLC)123115974
040 . ‡aBTCTA ‡cBTCTA ‡dNRG
08204. ‡a823/.912 ‡222
1001 . ‡aOrwell, George, ‡d1903-1950 ‡0(LARL_NWRL_CONSORTIUM)2504
24510. ‡aAnimal farm ‡h[CD/sound recording] ; ‡b1984 / ‡cGeorge Orwell.
260 . ‡aAshland, Or. : ‡bBlackstone Audiobooks, ‡c2006.
300 . ‡a12 sound discs : ‡bdigital ; ‡c4 3/4 in.
5110 . ‡aRead by Ralph Cosham and Richard Brown.
500 . ‡aUnabridged.
500 . ‡aCompact discs.
520 . ‡aPresents two of the author's classic stories, "Animal Farm," in which animals create their own Animals' Republic, and "1984," in which a totalitarian government watches over all citizens and directs all activities.
655 0. ‡aAudiobooks. ‡0(LARL_NWRL_CONSORTIUM)175801
655 0. ‡aCompact discs.
7001 . ‡aCosham, Ralph. ‡4nrt ‡0(LARL_NWRL_CONSORTIUM)145522
7001 . ‡aBrown, Richard. ‡4nrt ‡0(LARL_NWRL_CONSORTIUM)61908
70012. ‡aOrwell, George, ‡d1903-1950 ‡0(LARL_NWRL_CONSORTIUM)2504
74002. ‡a1984.
901 . ‡a80092 ‡bOCLC ‡c80092 ‡tbiblio

Additional Resources